| 000 | 00524nam a22001937a 4500 | ||
|---|---|---|---|
| 003 | KOHA_MİRAKIL | ||
| 005 | 20251221163839.0 | ||
| 008 | 251221b tu ||||| |||| 00| 0 tur d | ||
| 020 | _a9786051968339 | ||
| 040 |
_aTR-AnABB _btur _cTR-AnABB |
||
| 041 | _atur | ||
| 082 |
_a306.872 _bUNL 2022 |
||
| 100 | 1 | _aÜnlü, Samet, | |
| 245 | 1 | 0 |
_aEvdeki erkeklik / _cSamet Ünlü |
| 260 |
_aKonya : _bÇizgi Kitabevi, _c2022 |
||
| 300 |
_a142 sayfa ; _c21 cm |
||
| 650 | 0 | 4 | _aKadın-erkek ilişkileri |
| 942 |
_2ddc _cBK |
||
| 999 |
_c9874 _d9874 |
||
| 900 | _bGizem YORULMAZ | ||